| 000 | 02224nam a2200385 a 4500 | ||
|---|---|---|---|
| 001 | ebr10364079 | ||
| 003 | CaPaEBR | ||
| 006 | m u | ||
| 007 | cr cn||||||||| | ||
| 008 | 090814s2009 ne a sb 001 0 eng | ||
| 010 | _z 2009033621 | ||
| 020 | _z9789027204318 (hb : alk. paper) | ||
| 020 | _z9027204314 (hb : alk. paper) | ||
| 020 | _z9789027288783 (eb) | ||
| 020 | _z902728878X (eb) | ||
| 040 |
_aCaPaEBR _cCaPaEBR |
||
| 035 | _a(OCoLC)649901719 | ||
| 050 | 1 | 4 |
_aP99.4.P72 _bC64 2009eb |
| 082 | 0 | 4 |
_a306.44 _222 |
| 245 | 0 | 0 |
_aContexts and constructions _h[electronic resource] / _cedited by Alexander Bergs, Gabriele Diewald. |
| 260 |
_aAmsterdam ; _aPhiladelphia : _bJohn Benjamins Pub. Co., _cc2009. |
||
| 300 |
_a247 p. : _bill. |
||
| 490 | 1 |
_aConstructional approaches to language, _x1573-594X ; _vv. 9 |
|
| 504 | _aIncludes bibliographical references and indexes. | ||
| 505 | 0 | _aOn de-limiting context / Marina Terkourafi -- Constructions and context : when a construction constructs the context / Henri-Jos�e Deulofeu & Jeanne-Marie Debaisieux -- Representing contextual factors in language change : between frames and constructions / Mirjam Fried -- Grammatical constructions in dialogue / Per Linell -- Interactional construction grammar : contextual features of determination in dialectal Swedish / Camilla Wide -- Contextual cues for particle placement : multiplicity, motivation, modeling / Bert Cappelle -- Conditionals and mental space set-up : evidence from German word order / Ilona Vandergriff -- Semantics and pragmatics in construction grammar : the case of modal verbs / Ronny Boogaart. | |
| 533 |
_aElectronic reproduction. _bPalo Alto, Calif. : _cebrary, _d2013. _nAvailable via World Wide Web. _nAccess may be limited to ebrary affiliated libraries. |
||
| 650 | 0 | _aPragmatics. | |
| 650 | 0 |
_aGrammar, Comparative and general _xSyntax. |
|
| 655 | 7 |
_aElectronic books. _2local |
|
| 700 | 1 | _aBergs, Alexander. | |
| 700 | 1 | _aDiewald, Gabriele. | |
| 710 | 2 | _aebrary, Inc. | |
| 830 | 0 |
_aConstructional approaches to language ; _vv. 9. |
|
| 856 | 4 | 0 |
_uhttp://site.ebrary.com/lib/rucke/Doc?id=10364079 _zAn electronic book accessible through the World Wide Web; click to view |
| 999 |
_c111269 _d111269 |
||